Whose Pharaohs? : archaeology, museums, and Egyptian national identity from Napoleon to World War I. 2002.

محفوظ في:

المؤلف الرئيسي: Reid, Donald M.

التنسيق: كتاب

اللغة: Undetermined

منشور في: Cairo American University in Cairo 2002

الموضوعات:

الوسوم: إضافة وسم

لا توجد وسوم, كن أول من يضع وسما على هذه التسجيلة!

رقم الطلب: On Hold

LEADER 00764nam a2200193Ia 4500
005 20260324113530.0
008 260324s9999||||xx |||||||||||||| ||und||
020 |a 978-9774246975 
050 4 |a On Hold 
100 0 |a Reid, Donald M. 
245 1 0 |a Whose Pharaohs? : archaeology, museums, and Egyptian national identity from Napoleon to World War I. 2002.  |c Reid, Donald M. 
264 1 |a Cairo  |b American University in Cairo  |c 2002 
300 |a 409 pages  |b illustrations, maps, facsimiles  |c 24 cm 
500 |a Includes bibliographical references (pages 365-383) and index.  
650 4 |a Archaeological museums and collections--Egypt--History 
650 4 |a Archaeology--Egypt--History 
650 4 |a Egyptology--History 
650 4 |a Nationalism--Egypt--History 
999 |c 61907  |d 61907